Statistics for Top 1 Song Of Countries by Views

Click here to take the quiz!

General Stats

  • This quiz has been taken 21 times
  • The average score is 13 of 22

Answer Stats

CountryArtistSong Name% Correct
South KoreaPSYGangnam Style
89%
SwedenAviciiWake Me Up
89%
AustraliaSIAChandelier
84%
United StatesWiz Khalifa and Charlie PuthSee You Again
79%
EnglandEd SheerenShape of You
74%
Puerto RicoLuis FonsiDespacito
68%
New ZealandLordeRoyals
68%
IrelandThe CranberriesZombie
68%
NorwayAlan WalkerFaded
63%
CubaCamila CabelloHavana
63%
CanadaJustin BieberSorry
63%
DenmarkLukas Graham7 Years
58%
NetherlandsMartin GarrixAnimals
58%
JamaicaOMICheerleader
58%
BarbadosRihannaDiamonds
58%
ScotlandCalvin HarrisSummer
53%
WalesBonnie TylerTotal Eclipse of the Heart
53%
ColombiaShakiraWaka Waka
53%
BrazilMC FiotiBum Bum Tam Tam
32%
FranceIndilaDernière Danse
26%
GermanyScorpionsWind of Change
26%
IcelandKALEOWay Down We Go
21%

Score Distribution

Percentile by Number Answered

Percent of People with Each Score

Your Score History

You have not taken this quiz